[Event "Goodricke Open"]
[Site "Calcutta IND"]
[Date "2000.02.08"]
[Round "3"]
[White "Dao Thien Hai"]
[Black "Prakash,G"]
[Result "0-1"]
[WhiteElo "2550"]
[BlackElo "2435"]

1.d4 d5 2.c4 c6 3.Nc3 Nf6 4.Nf3 e6 5.e3 Nbd7 6.Qc2 Bd6 7.b3 O-O 8.Be2 e5
9.Bb2 exd4 10.Nxd4 dxc4 11.bxc4 Ne5 12.h3 Qe7 13.g4 Ba3 14.Bxa3 Qxa3 15.g5 Ne8
16.f4 Ng6 17.h4 Nd6 18.h5 Ne7 19.Qb3 Qc5 20.O-O-O Nef5 21.g6 b5 22.gxf7+ Rxf7
23.cxb5 Nxe3 24.Kb2 cxb5 25.Ndxb5 Ndc4+ 26.Bxc4 Nxc4+ 27.Ka1 a6 28.Rd8+ Rf8
29.Rd5 Na5 30.Qb2 Qb6 31.Na4 Qb7 32.Rg1 axb5 33.Rxb5 Qa7 34.Rbg5 Rf7 35.Nb6 Be6
36.Nxa8 Nb3+ 37.Kb1 Bf5+ 38.Rxf5 Qxg1+ 39.Kc2 Nd4+  0-1

[Event "5th HIT Open"]
[Site "Nova Gorica SLO"]
[Date "2000.02.08"]
[Round "8"]
[White "Kukovec,B"]
[Black "Filipenko,A"]
[Result "0-1"]
[WhiteElo "2111"]
[BlackElo "2370"]

1.Nf3 d5 2.d4 Nf6 3.c4 c6 4.Nc3 e6 5.e3 Nbd7 6.Qc2 Bd6 7.Be2 O-O 8.O-O dxc4
9.Bxc4 a6 10.Rd1 Qc7 11.Ne4 Nxe4 12.Qxe4 Rd8 13.Bd3 Nf8 14.Qh4 Be7 15.Qg3 Qxg3
16.hxg3 Bd7 17.b3 Be8 18.Bb2 Nd7 19.Rac1 a5 20.a3 f6 21.Kf1 Bg6 22.Bxg6 hxg6
23.e4 Kf7 24.Ne1 e5 25.Nf3 exd4 26.Nxd4 Nc5 27.f3 Rd7 28.Ke2 Rad8 29.Ke1 Rxd4
30.Bxd4 Nxb3 31.Bb6 Ra8 32.Rb1 a4 33.Rd7 Ke6 34.Rxb7 Bxa3 35.Be3 c5 36.R1xb3 axb3
37.Rxb3 Bb4+ 38.Kf1 Ra1+ 39.Ke2 Ra2+ 40.Kf1 f5 41.Rb1 fxe4 42.fxe4 Rc2 43.Bf4 Rc4
44.Rd1 Rxe4 45.Rd6+ Kf5 46.Kf2 c4 47.Rc6 g5 48.Kf3 gxf4 49.g4+ Ke5  0-1

[Event "FSIMB February"]
[Site "Budapest HUN"]
[Date "2000.02.09"]
[Round "5"]
[White "Seres,L"]
[Black "Nemeth,Z"]
[Result "1/2-1/2"]
[WhiteElo "2394"]
[BlackElo "2379"]

1.d4 d5 2.c4 c6 3.Nc3 Nf6 4.e3 e6 5.Nf3 Nbd7 6.Bd3 dxc4 7.Bxc4 b5 8.Bd3 a6
9.e4 c5 10.d5 c4 11.dxe6 fxe6 12.Bc2 Qc7 13.O-O Bc5 14.Bg5 b4 15.Na4 e5 16.Rc1 a5
17.Bxf6 Nxf6 18.Nxc5 Qxc5 19.Bd3 Ba6 20.Bxc4 Bxc4 21.b3 Rd8 22.Qe1 O-O 23.Rxc4 Qd6
24.Qa1 Rfe8 25.Qc1 Qd3 26.Re1 Nh5 27.Kh1 Nf4 28.Rc7 Nh3 29.Qc2 Rf8 30.Qxd3 Nxf2+
31.Kg1 Nxd3 32.Rd1 h6 33.Ra7 Nc5 34.Rxd8 Rxd8 35.Rxa5 Nxe4 36.h3 Rd1+ 37.Kh2 Nc3
38.Nxe5 Ra1 39.Ra8+ Kh7 40.Nd3 Rxa2 41.Rb8 Rd2 42.Nxb4 Ne2 43.Rc8 Rb2  1/2-1/2

[Event "Goodricke Open"]
[Site "Calcutta IND"]
[Date "2000.02.09"]
[Round "4"]
[White "Sriram,J"]
[Black "Kaidanov,G"]
[Result "0-1"]
[WhiteElo "2356"]
[BlackElo "2599"]

1.d4 d5 2.c4 e6 3.Nc3 c6 4.Nf3 Nf6 5.e3 Nbd7 6.Bd3 dxc4 7.Bxc4 b5 8.Bd3 a6
9.e4 c5 10.e5 cxd4 11.Nxb5 axb5 12.exf6 gxf6 13.Nxd4 Qb6 14.Be3 Bb4+ 15.Kf1 Bc5
16.Be2 b4 17.Qd2 Ba6 18.Bxa6 Qxa6+ 19.Qe2 O-O 20.Qxa6 Rxa6 21.Nc2 Rfa8 22.Bxc5 Nxc5
23.a3 bxa3 24.Rxa3 Rb8 25.Rxa6 Nxa6 26.Ke2 Rxb2 27.Kd3 Nc5+ 28.Kc3 Ra2 29.f3 Na4+
30.Kd3 Nb6 31.Ne3 f5 32.Rg1 Kf8 33.h3 Ra3+ 34.Ke2 f4 35.Nc2 Rb3 36.Rc1 Nd5
37.Nd4 Rb4 38.Nc2 Rc4 39.Kd2 Ne3 40.Ne1 Nf1+ 41.Kd1 Ne3+ 42.Kd2 Ra4 43.Kd3 Ra2
44.Ke4 Re2 45.Kd3 Rf2 46.Ke4 Re2 47.Kd3 Ra2 48.Ke4 Ra4+ 49.Ke5 Nd5 50.Rb1 Ra2
51.Rc1 Re2+ 52.Kd4 Kg7 53.Kd3 Rf2 54.Ke4 Ra2 55.Rc2 Ra3 56.Kd4 Re3 57.Rc1 Kf6
58.Nd3 Re2 59.Ne1 Rd2+ 60.Ke4 Ke7 61.Ra1 h6 62.Ke5 Kf8 63.Rc1 Kg7 64.Ke4 Kg6
65.Ra1 Kg5 66.Ke5 h5 67.Rc1 h4 68.Kd6 Kf6 69.Kd7 Ne3+ 70.Ke8 Nf5  0-1

[Event "Goodricke Open"]
[Site "Calcutta IND"]
[Date "2000.02.09"]
[Round "4"]
[White "Murugan,K"]
[Black "Imocha,L"]
[Result "1-0"]
[WhiteElo "2382"]
[BlackElo "2210"]

1.d4 d5 2.c4 e6 3.Nf3 Nf6 4.Nc3 c6 5.e3 Nbd7 6.Qc2 Be7 7.Bd3 O-O 8.O-O a6
9.e4 dxe4 10.Nxe4 Nxe4 11.Bxe4 Nf6 12.Bd3 c5 13.dxc5 Qc7 14.b3 Qxc5 15.Bb2 b5
16.Bd4 Qh5 17.Rfe1 bxc4 18.Bxc4 Qa5 19.Bc3 Bb4 20.Re5 Bxc3 21.Rxa5 Bxa5 22.Ne5 Bb7
23.Rd1 Rfd8 24.Bd3 Rac8 25.Nc4 Bb4 26.Be2 Bd5 27.f3 h6 28.Bd3 Bb7 29.Qe2 Kf8
30.Bc2 Nd5 31.a3 Bc5+ 32.Kh1 Rd7 33.Qe1 Rdc7 34.Be4 Rd8 35.Qa5 Rdc8 36.f4 Be7
37.f5 Rc5 38.Qe1 Rb5 39.fxe6 fxe6 40.Rd3 Kg8 41.Bxd5 exd5 42.Qxe7 Rxc4 43.h3 Re4
44.Qd7 d4 45.a4 Rb4 46.Rg3 g5 47.Qd6 d3 48.Qg6+ Kf8 49.Qxh6+ Ke8  1-0

[Event "Goodricke Open"]
[Site "Calcutta IND"]
[Date "2000.02.10"]
[Round "5"]
[White "Rahman,Zia"]
[Black "Goloshchapov,A"]
[Result "1/2-1/2"]
[WhiteElo "2465"]
[BlackElo "2561"]

1.Nf3 d5 2.c4 c6 3.d4 Nf6 4.Nc3 e6 5.e3 Nbd7 6.Bd3 dxc4 7.Bxc4 b5 8.Be2 Bb7
9.O-O Be7 10.e4 b4 11.e5 bxc3 12.exf6 Bxf6 13.bxc3 O-O 14.Rb1 Qc7 15.Bf4 Qxf4  1/2-1/2

[Event "It"]
[Site "Ptuj SLO"]
[Date "2000.02.10"]
[Round "1"]
[White "Mikhalchishin,A"]
[Black "Polajzer,D"]
[Result "1/2-1/2"]
[WhiteElo "2552"]
[BlackElo "2387"]

1.d4 Nf6 2.Nf3 d5 3.c4 e6 4.Nc3 c6 5.e3 Nbd7 6.Qc2 b6 7.Bd3 Bb7 8.O-O Be7
9.Rd1 O-O 10.e4 dxe4 11.Nxe4 Nxe4 12.Bxe4 Nf6 13.Bf4 Qc8 14.c5 Rd8 15.Rac1 Nxe4
16.Qxe4 bxc5 17.dxc5 Rd5 18.Rxd5 cxd5 19.Qe3 Bc6 20.Bd6 Bf6 21.Be5  1/2-1/2

[Event "FSGM February"]
[Site "Budapest HUN"]
[Date "2000.02.11"]
[Round "7"]
[White "Ribshtein,N"]
[Black "Zhang Pengxiang"]
[Result "0-1"]
[WhiteElo "2362"]
[BlackElo "2562"]

1.d4 d5 2.c4 c6 3.Nc3 Nf6 4.e3 e6 5.Nf3 Nbd7 6.Qc2 Bd6 7.Bd3 dxc4 8.Bxc4 O-O
9.O-O e5 10.Bd2 Qe7 11.Rae1 b5 12.Bb3 b4 13.Ne2 e4 14.Ng5 h6 15.Qxc6 Nb6
16.Nh3 Bd7 17.Qc1 Bxh3 18.gxh3 Nh7 19.Kg2 Qd7 20.Qd1 Ng5 21.Ng1 Kh8 22.h4 Nf3
23.h3 Nxh4+ 24.Kh1 Nf3 25.Kg2 Nxe1+ 26.Rxe1 a5 27.f3 f5 28.fxe4 fxe4 29.Qg4 Qe7
30.Ne2 Qf6 31.Qxe4  0-1

[Event "Goodricke Open"]
[Site "Calcutta IND"]
[Date "2000.02.12"]
[Round "7"]
[White "Ibragimov,I"]
[Black "Sriram,J"]
[Result "1-0"]
[WhiteElo "2611"]
[BlackElo "2356"]

1.Nf3 Nf6 2.c4 c6 3.d4 d5 4.Nc3 e6 5.e3 Nbd7 6.Qc2 Bd6 7.Bd3 O-O 8.O-O dxc4
9.Bxc4 Qe7 10.Bd2 e5 11.Bb3 Bc7 12.h3 h6 13.Nh4 Re8 14.Nf5 Qf8 15.Rad1 g6
16.Bxf7+ Kh7 17.Nb5 Qxf7 18.Nxc7 Nf8 19.Nxa8 Bxf5 20.Qa4 Rxa8 21.dxe5 N6d7
22.f3 Nxe5 23.e4 Be6 24.Qd4 Nfd7 25.b3 c5 26.Qe3 Qg7 27.f4 Nc6 28.f5 gxf5
29.exf5 Bd5 30.Qxh6+ Qxh6 31.Bxh6 Nf6 32.Be3 b6 33.g4 Re8 34.Bg5 Re2 35.Rf2 Rxf2
36.Kxf2 Ne4+ 37.Ke3 Nd4 38.Bd8 Nc3 39.Rd2 Ne4 40.Rd3 Bc6 41.Kf4 b5 42.Re3 Nc3
43.Re7+ Kg8 44.Rxa7 c4 45.Ke5 Nce2 46.f6 c3 47.f7+ Kg7 48.Bf6+ Kf8 49.g5 Bf3
50.g6 Nc6+ 51.Kd6  1-0

[Event "Goodricke Open"]
[Site "Calcutta IND"]
[Date "2000.02.12"]
[Round "7"]
[White "Dao Thien Hai"]
[Black "Goloshchapov,A"]
[Result "1/2-1/2"]
[WhiteElo "2550"]
[BlackElo "2561"]

1.d4 d5 2.c4 c6 3.Nf3 Nf6 4.Nc3 e6 5.e3 Nbd7 6.Qc2 Bd6 7.b3 O-O 8.Be2 b6
9.O-O Bb7 10.Bb2 Re8 11.Rad1 Qe7 12.Nd2 Rac8 13.e4 e5 14.dxe5 Bxe5 15.Bd3 Nc5
16.exd5 cxd5 17.Bf5 Rcd8 18.Rfe1 g6 19.Nxd5 Qd6 20.b4 Na6 21.Rxe5 Rxe5 22.Bxe5 Qxe5
23.Nf3 Qd6 24.c5 bxc5 25.bxc5 Nxc5 26.Ne3 Nd5 27.Be4 Nxe4 28.Qxe4 Qe6 29.Qh4 f6
30.Ng4 Rf8 31.Re1 Qd7 32.Qg3 Kg7 33.h4 h5  1/2-1/2

[Event "Steinitz Mem"]
[Site "Rio de Janeiro BRA"]
[Date "2000.02.12"]
[Round "3"]
[White "Okamura,M"]
[Black "Rios Filho,H"]
[Result "1/2-1/2"]
[WhiteElo "2258"]
[BlackElo "2295"]

1.d4 d5 2.c4 c6 3.Nf3 Nf6 4.e3 e6 5.Nc3 Nbd7 6.Qc2 Bd6 7.Be2 O-O 8.O-O dxc4
9.Bxc4 e5 10.Rd1 Qe7 11.Ne4 Nxe4 12.Qxe4 Nf6 13.Qh4 e4 14.Nd2 h6 15.f4 exf3
16.Nxf3 Be6 17.Bd3 Bd5 18.Re1 Rfe8 19.a3 Ne4 20.Qxe7 Rxe7 21.Nd2 Nf6 22.Nf3 c5
23.Bd2 c4 24.Bc2 Bc6 25.Re2 b5 26.Rae1 Rae8 27.Ba5 g6 28.Nd2 Ng4 29.e4 Bxh2+
30.Kh1 Bf4 31.Kg1 Rd7 32.Nf3 Kh7 33.Kf1 Bc7 34.Bc3 Bb6 35.d5 Bb7 36.Nd4 a6
37.Rd1 Bc5 38.Ba5 Re5 39.Ree1 f5 40.Ne6 Rxe6 41.dxe6 Rxd1 42.Bxd1 Ne3+ 43.Rxe3 Bxe3
44.exf5 Bg5 45.Bf3 Bc8 46.Bb4 gxf5 47.e7 Bd7 48.Bh5 Bf6 49.e8=Q Bxe8 50.Bxe8 Bxb2
51.Ke2 Kg7 52.Kd1 Kf6 53.a4 bxa4 54.Bxa4 Kg5 55.Kc2 Be5 56.Bd2+ Bf4 57.Bxf4+ Kxf4
58.Kc3 Ke5 59.Kxc4 Kf4  1/2-1/2

[Event "8th Valle d'Aosta Open"]
[Site "Saint Vincent ITA"]
[Date "2000.02.12"]
[Round "1"]
[White "Dorfman,J"]
[Black "Trabert,B"]
[Result "1-0"]
[WhiteElo "2593"]
[BlackElo "2273"]

1.c4 c6 2.Nc3 d5 3.d4 e6 4.e3 Nf6 5.Nf3 Nbd7 6.Qc2 Bd6 7.Bd3 O-O 8.O-O dxc4
9.Bxc4 b5 10.Be2 Bb7 11.Rd1 Qb8 12.e4 e5 13.Bg5 Re8 14.dxe5 Bxe5 15.Nxe5 Qxe5
16.Be3 b4 17.Na4 c5 18.f3 Rac8 19.Bf2 Qe7 20.a3 a5 21.Bb5 Bc6 22.Bxc6 Rxc6
23.axb4 axb4 24.b3 h6 25.Nb2 Nf8 26.Nd3 Rec8 27.Qc4 Ne6 28.e5 Nd7 29.Ra7 R6c7
30.Ra6 Nb8 31.Rd6 Nc6 32.f4 Ncd4 33.Bxd4 Nxd4 34.Nxb4 Rb7 35.Nd5 Qh4 36.b4 Qg4
37.Rf1 Nf5 38.Ra6 Kh7 39.Qe4 Kh8 40.Nf6 gxf6 41.Qxb7 Rg8 42.Qf3 cxb4 43.Qxg4 Rxg4
44.Rxf6 Ne3 45.Rf2 Kg7 46.h3  1-0

[Event "Goodricke Open"]
[Site "Calcutta IND"]
[Date "2000.02.13"]
[Round "8"]
[White "Horvath,Jo"]
[Black "Akopian,V"]
[Result "1/2-1/2"]
[WhiteElo "2557"]
[BlackElo "2660"]

1.d4 d5 2.c4 c6 3.Nc3 Nf6 4.e3 e6 5.Nf3 Nbd7 6.Qc2 Bd6 7.Bd3 dxc4 8.Bxc4 O-O
9.O-O Qe7 10.h3 e5 11.a3 Bb8 12.Ba2 h6 13.Nh4 Rd8 14.Bd2 Nf8 15.dxe5 Bxe5
16.Rad1 Be6 17.Nf5 Qe8 18.Bxe6 Qxe6 19.f4 Bc7 20.e4 Ng6 21.e5 Nd5 22.Nxd5 Rxd5
23.Nxg7 Kxg7 24.f5 Rxd2 25.Rxd2 Qxe5 26.fxg6 Qh2+ 27.Kf2 Re8 28.Re2 Qg3+  1/2-1/2

[Event "Goodricke Open"]
[Site "Calcutta IND"]
[Date "2000.02.14"]
[Round "9"]
[White "Sundararajan,K"]
[Black "Chandanani,G"]
[Result "1/2-1/2"]
[WhiteElo "2433"]
[BlackElo "2153"]

1.d4 d5 2.c4 c6 3.Nc3 Nf6 4.e3 e6 5.Nf3 Nbd7 6.Bd3 dxc4 7.Bxc4 b5 8.Bd3 Bb7
9.e4 b4 10.Na4 c5 11.e5 Nd5 12.dxc5 Nxc5 13.Bb5+ Nd7 14.Bg5 Qa5 15.Bxd7+ Kxd7
16.O-O h6 17.Bd2 Bc6 18.b3 Bb5 19.Re1 Bxa4 20.bxa4 Bc5 21.a3 Rab8 22.Re4 Rhc8
23.Rg4 g5 24.h4 gxh4 25.Rb1 Qb6 26.a5 Qxa5 27.axb4 Qb6 28.Qe2 Rg8 29.Rxg8 Rxg8
30.Nxh4 a5 31.b5 a4 32.Bxh6 Rh8 33.Bg5 a3 34.Ra1 Ra8 35.Qh5 Bxf2+ 36.Kh2 Bxh4
37.Qxf7+ Kc8 38.Bxh4 a2 39.Qe8+ Kb7 40.Qd7+ Nc7 41.Qd2 Qxb5 42.Rxa2 Qxe5+  1/2-1/2

[Event "Portuguese Masters"]
[Site "Viseu POR"]
[Date "2000.02.14"]
[Round "3"]
[White "Galego,L"]
[Black "Ferreira,N"]
[Result "1-0"]
[WhiteElo "2451"]
[BlackElo "2208"]

1.d4 d5 2.Nf3 Nf6 3.c4 e6 4.Nc3 c6 5.e3 Nbd7 6.Bd3 dxc4 7.Bxc4 b5 8.Bd3 a6
9.O-O Bb7 10.e4 c5 11.d5 c4 12.Bc2 e5 13.Ne2 Bd6 14.Ng3 g6 15.Bh6 Qb6 16.h3 O-O-O
17.Ng5 Ng8 18.Bg7 h6 19.Nxf7 Rh7 20.Nxd8 Kxd8 21.Bxh6 Nxh6 22.a4 Bc5 23.axb5 axb5
24.Qd2 Nf7 25.Ra2 Rh4 26.b3 cxb3 27.Bxb3 Rf4 28.Kh2 Bd4 29.f3 Be3 30.Qd3 Nd6
31.Ne2 Nxe4 32.g3 Nxg3 33.Nxg3 Rh4 34.Ne4 Nf6 35.Qc3 b4 36.Qe1 Bf4+ 37.Kg2 g5
38.Nxf6 Qxf6 39.Qxb4 Qf5 40.Qd6+ Ke8 41.Ba4+ Kf7 42.Bd7 Qd3 43.Be6+  1-0

[Event "Goodricke Open"]
[Site "Calcutta IND"]
[Date "2000.02.15"]
[Round "10"]
[White "Vladimirov,E"]
[Black "Goloshchapov,A"]
[Result "1-0"]
[WhiteElo "2586"]
[BlackElo "2561"]

1.d4 d5 2.c4 c6 3.Nf3 Nf6 4.Nc3 e6 5.e3 Nbd7 6.Bd3 dxc4 7.Bxc4 b5 8.Bb3 b4
9.Ne2 Bd6 10.e4 Nxe4 11.Qc2 Nef6 12.Qxc6 Qb6 13.Qxa8 O-O 14.Nd2 Bb7 15.Nc4 Qa6
16.Qxb7 Qxb7 17.Nxd6 Qxg2 18.Rg1 Qxh2 19.Bf4 Qh5 20.Rc1 Nd5 21.Bg3 Qf3 22.Ba4 N7f6
23.Bd1 Qd3 24.Be5 g6 25.Ng3 Qa6 26.Bb3 Ng4 27.Ne2 Nxe5 28.dxe5 f6 29.Nc4 fxe5
30.Nxe5 Nf4 31.Nxf4 Rxf4 32.Ng4 Rf3 33.Rd1 Rd3 34.Ne3 Rxd1+ 35.Nxd1 Kg7 36.Rg4 Qb5
37.Re4 e5 38.Ne3 a5 39.Nc4 a4 40.Bc2 b3 41.axb3 axb3 42.Bd3 Kf6 43.Rxe5 Qd7
44.Re3 Qd4 45.Be2 h5 46.Rxb3 h4 47.Ne3 h3 48.Ng4+ Kg7 49.Rxh3 Qxb2 50.Kf1 Qd4
51.Kg2 Qe4+ 52.Bf3 Qd4 53.Rg3 Kf7 54.Ne3 Qe5 55.Rg4 g5 56.Nf1 Qc5 57.Ng3 Qe5
58.Ne4 Kf8 59.Nxg5 Qa5 60.Nh3 Qd2 61.Nf4 Qa5 62.Nd5 Qd2 63.Rf4+ Kg7 64.Ne3 Qa5
65.Rf5 Qc3 66.Nf1 Qb4 67.Ng3 Qa4 68.Nh5+ Kg6 69.Rf4 Qa1 70.Ng3 Qa5 71.Kh3 Qa2
72.Be4+ Kg7 73.Kh4 Qa3 74.Nh5+ Kh8 75.Rf7 Qb4 76.f3 Kg8 77.Rf6 Qc5 78.Kg4 Qb5
79.Rf5 Qb4 80.Kg5 Kh8 81.Rf7 Qc5+ 82.Kh6 Qd6+ 83.Bg6 Qd2+ 84.f4 Qd6 85.Rh7+ Kg8
86.Rg7+ Kh8 87.Rf7 Qd8 88.Rh7+ Kg8 89.Bf7+  1-0

[Event "Petroff Mem Open"]
[Site "St Petersburg RUS"]
[Date "2000.02.15"]
[Round "8"]
[White "Achang,A"]
[Black "Riazantsev,A"]
[Result "1-0"]
[WhiteElo "2332"]
[BlackElo "2442"]

1.d4 d5 2.Nf3 Nf6 3.c4 c6 4.Nc3 e6 5.e3 Nbd7 6.Bd3 dxc4 7.Bxc4 b5 8.Bd3 Bb7
9.e4 b4 10.Na4 c5 11.e5 Nd5 12.O-O cxd4 13.Re1 g6 14.Bg5 Be7 15.Bh6 a6 16.Rc1 Qa5
17.h4 Bf8 18.Bd2 Be7 19.h5 N5b6 20.Nxb6 Qxb6 21.Qa4 Rd8 22.Bh6 Bf8 23.Bd2 Be7
24.Ng5 O-O 25.Qd1 Qa5 26.Nxh7 Nxe5 27.Rxe5 Qxe5 28.Nxf8 Rxf8 29.hxg6 fxg6
30.Qg4 Qf6 31.f3 g5 32.Rc7 Bd5 33.Qh5 Qg7 34.Bxg5 Bxf3 35.Qh4 Re8 36.Rxe7 Rxe7
37.gxf3 Rc7 38.Kf2 Rf7 39.Bh6 Qe5 40.Qd8+  1-0

[Event "Goodricke Open"]
[Site "Calcutta IND"]
[Date "2000.02.16"]
[Round "11"]
[White "Vaidya,A"]
[Black "Sareen,V"]
[Result "0-1"]
[WhiteElo "2261"]
[BlackElo "2351"]

1.c4 e6 2.Nc3 d5 3.d4 c6 4.e3 Nf6 5.Nf3 Nbd7 6.Bd3 dxc4 7.Bxc4 b5 8.Bd3 a6
9.O-O c5 10.e4 cxd4 11.Nxd4 Bb7 12.Bg5 h6 13.Bh4 Qb6 14.Nf3 g5 15.Bg3 Bg7
16.Qe2 Nh5 17.Rfd1 Nxg3 18.hxg3 Rd8 19.Rac1 O-O 20.Bb1 Ne5 21.Rxd8 Rxd8 22.Rd1 Rxd1+
23.Nxd1 Nxf3+ 24.gxf3 Qd4 25.b3 Be5 26.Qd3 Qxd3 27.Bxd3 h5 28.Ne3 Kf8 29.Nc2 Ke7
30.Kg2 Kd6 31.Kh3 Kc5 32.f4 gxf4 33.gxf4 Bxf4 34.Kh4 e5 35.Kxh5 Bc8 36.Be2 a5
37.Bg4 Bb7 38.f3 b4 39.Bd7 Ba6 40.Be8 Bd2  0-1

[Event "8th Valle d'Aosta Open"]
[Site "Saint Vincent ITA"]
[Date "2000.02.17"]
[Round "6"]
[White "Skembris,S"]
[Black "Galkin,A"]
[Result "1-0"]
[WhiteElo "2481"]
[BlackElo "2566"]

1.d4 d5 2.c4 e6 3.Nf3 c6 4.e3 Nf6 5.Nc3 Nbd7 6.Qc2 Bd6 7.Bd3 O-O 8.O-O dxc4
9.Bxc4 a6 10.e4 e5 11.h3 exd4 12.Nxd4 Ne5 13.Be2 Bc5 14.Nb3 Ba7 15.Bf4 Re8
16.Rad1 Qe7 17.Kh1 Nfd7 18.Nd4 Nb6 19.Bxe5 Qxe5 20.f4 Qc5 21.e5 Be6 22.Bd3 h6
23.Qe2 Nd5 24.Nxe6 Nxc3 25.bxc3 Rxe6 26.Qe4 Rg6 27.e6 f5 28.Qxf5 Qxf5 29.Bxf5 Rf6
30.Bc2 Kf8 31.f5 Re8 32.g4 Bc5 33.Kg2 g6 34.Rd7 Re7 35.Rfd1 b6 36.Be4  1-0

[Event "8th Valle d'Aosta Open"]
[Site "Saint Vincent ITA"]
[Date "2000.02.18"]
[Round "7"]
[White "Timoscenko,G"]
[Black "Trabert,B"]
[Result "1-0"]
[WhiteElo "2519"]
[BlackElo "2273"]

1.c4 c6 2.Nc3 d5 3.d4 e6 4.e3 Nf6 5.Nf3 Nbd7 6.Qc2 Bd6 7.Be2 O-O 8.O-O Re8
9.Rd1 Qe7 10.h3 b6 11.b3 Bb7 12.Bb2 Rac8 13.Rac1 c5 14.cxd5 exd5 15.Bb5 Red8
16.Qe2 Ne4 17.Ba6 Ndf6 18.Bxb7 Qxb7 19.dxc5 Bxc5 20.Nb5 Re8 21.Nbd4 g6 22.Rc2 Bd6
23.Rdc1 Rxc2 24.Qxc2 Qd7 25.Ne1 h5 26.Nd3 Nh7 27.Qc6 Qxc6 28.Rxc6 Rd8 29.Nb5 Bb8
30.Be5 Bxe5 31.Nxe5 Re8 32.Nd3 Re7 33.Nb4 Rd7 34.Rc7 Rxc7 35.Nxc7 Nhf6 36.Nbxd5 Nxd5
37.Nxd5 Kf8 38.Kf1 Ke8 39.Ke2 Kd7 40.f3 Nc5 41.h4 Kd6 42.e4 Ne6 43.Ke3 Ke5
44.Nb4 Kd6 45.Nd3 Nd8 46.g4 Ne6 47.gxh5 gxh5 48.f4 Ng7 49.f5 b5 50.b4 f6
51.Kd4 Kc6 52.Nf4 Kd6 53.Nd5 Ne8 54.Nxf6 Nxf6 55.e5+ Ke7 56.exf6+ Kxf6 57.Ke4 Kf7
58.Ke5  1-0

[Event "16th open"]
[Site "Cappelle La Grande FRA"]
[Date "2000.02.19"]
[Round "1"]
[White "Matlak,M"]
[Black "Burmakin,V"]
[Result "0-1"]
[WhiteElo "2470"]
[BlackElo "2567"]

1.d4 d5 2.c4 c6 3.e3 Nf6 4.Nc3 e6 5.Nf3 Nbd7 6.Bd3 Bd6 7.e4 dxe4 8.Nxe4 Nxe4
9.Bxe4 Bb4+ 10.Bd2 Bxd2+ 11.Qxd2 O-O 12.O-O-O Qc7 13.Bc2 c5 14.Qd3 Nf6 15.Ne5 Rd8
16.Qe3 cxd4 17.Rxd4 Rxd4 18.Qxd4 Bd7 19.Rd1 Be8 20.f4 b5 21.Kb1 bxc4 22.Nxc4 Rc8
23.Ne3 Bc6 24.g3 Bf3 25.Rd2 Nd5 26.a3 Nxe3 27.Qxe3 Bd5 28.Qe2 Qb7 29.Ka1 g6
30.Bb1 h5 31.Qd1 Kg7 32.Rc2 Rxc2 33.Bxc2 Qb6 34.Qe1 Kg8 35.Bb1 Qd4 36.Ba2 Bf3
37.Bb3 h4 38.gxh4 Qxf4 39.Qg3 Qc1+ 40.Ka2 Be4 41.Qb8+ Kh7 42.a4 Bb1+ 43.Ka3 Qe3
44.Qc7 Kg7 45.a5 Bf5 46.Qc3+ Qxc3 47.bxc3 e5 48.Kb4 Bd3 49.c4 f5 50.Kc3 Be4
51.Ba4 Kf7 52.c5 Ke7 53.Bd1 Bc6 54.h5 g5 55.h6 Kf6 56.Bh5 f4 57.Kd2 e4 58.Ke2 Bd7
59.Kf2 g4 60.h7 Kg7 61.Bg6 Bc6 62.Bf5 e3+ 63.Ke2 Bf3+ 64.Kf1 g3 65.hxg3 fxg3
66.Bd3 g2+ 67.Kg1 Be4 68.Bb5 Kxh7 69.c6 Bxc6  0-1

[Event "Masters KO"]
[Site "Cannes FRA"]
[Date "2000.02.20"]
[Round "2.2"]
[White "Chabanon,JL"]
[Black "Savchenko,S"]
[Result "0-1"]
[WhiteElo "2440"]
[BlackElo "2574"]

1.d4 d5 2.Nf3 Nf6 3.c4 e6 4.Nc3 c6 5.e3 Nbd7 6.Bd3 dxc4 7.Bxc4 b5 8.Bd3 Bb7
9.e4 b4 10.Na4 c5 11.e5 Nd5 12.dxc5 Nxc5 13.Nxc5 Bxc5 14.O-O h6 15.Nd2 Qc7
16.Ne4 Be7 17.Re1 Rd8 18.Qg4 Qxe5 19.Bd2 Kf8 20.Nc5 Nf6 21.Rxe5 Nxg4 22.Nxb7 Rxd3
23.Re2 Kg8 24.Rc1 Kh7 25.Rc7 Re8 26.g3 Nf6 27.Na5 Nd5 28.Rxa7 Rc8 29.Kf1 Rc2
30.Be1 Rc1 31.Nb3 Rb1 32.Kg2 Rdd1 33.Rxe7 Nxe7 34.Bxb4 Nc6 35.Bc3 g5 36.h3 h5
37.a4 g4 38.hxg4 hxg4 39.f3 gxf3+ 40.Kxf3 Rd3+  0-1

[Event "Open"]
[Site "Cannes FRA"]
[Date "2000.02.22"]
[Round "3"]
[White "Miton,K"]
[Black "Nezar,M"]
[Result "1-0"]
[WhiteElo "2425"]
[BlackElo "2315"]

1.d4 d5 2.c4 c6 3.e3 Nf6 4.Nc3 e6 5.Nf3 Nbd7 6.Qc2 Bd6 7.Bd2 b6 8.cxd5 exd5
9.Bd3 Bb7 10.O-O O-O 11.a3 c5 12.Rad1 Re8 13.Bc1 Qe7 14.Bf5 Rad8 15.Rfe1 Nf8
16.b3 Ne6 17.dxc5 bxc5 18.e4 Nd4 19.Nxd4 cxd4 20.Ne2 dxe4 21.Rxd4 Bxh2+ 22.Kxh2 Qe5+
23.Kg1 Qxf5 24.Qc7 Rxd4 25.Nxd4 Qd5 26.Be3 h6 27.Qg3 Qe5 28.Qxe5 Rxe5 29.Rc1 Nd5
30.Rc5 f6 31.b4 a6 32.Nb3 Re8 33.Na5 Ba8 34.Nc4 Rd8 35.g4 Kh7 36.Kg2 Kg6
37.Kg3 Nxe3 38.Nxe3 Rd3 39.Rc8 Bb7 40.Rc7 Bd5 41.a4 Bb3 42.b5 axb5 43.axb5 Be6
44.b6 Rb3 45.b7 f5 46.gxf5+ Bxf5 47.Kf4 Bh3 48.Nd5 Kh5 49.Rxg7 Be6 50.Ne3 Rb4
51.Ke5 Rb6 52.b8=Q Rxb8 53.Kxe6 Rf8 54.Rg2 Kh4 55.Ke5 Re8+ 56.Kf4 Rf8+ 57.Kxe4 h5
58.f4 Kh3 59.Kf3 h4 60.Rg7 Kh2 61.Ng4+ Kg1 62.Rh7  1-0

[Event "ch-Serbia"]
[Site "Kragujevac YUG"]
[Date "2000.02.22"]
[Round "4"]
[White "Nikolic,N YUG"]
[Black "Trajkovic,P"]
[Result "1/2-1/2"]
[WhiteElo "2298"]
[BlackElo "2280"]

1.d4 d5 2.c4 c6 3.Nc3 Nf6 4.e3 e6 5.Nf3 Nbd7 6.Qc2 Be7 7.Bd3 O-O 8.b3 b6
9.e4 dxe4 10.Nxe4 Bb7 11.Neg5 h6 12.h4 Bd6 13.Bb2 Qc7 14.O-O-O c5 15.dxc5 Qxc5
16.Bh7+ Kh8 17.Be4 Nxe4 18.Nxe4 Bf4+ 19.Kb1 Qf5 20.Rhe1 Nc5 21.Nxc5 Qxc5
22.Qc3 f6 23.Nd4 Rfe8 24.g3 Be5 25.f4 Bxd4 26.Qxd4 Qc7 27.Qd7 Rac8 28.Rd6 Kg8
29.Qxc7 Rxc7 30.Rdxe6 Rxe6 31.Rxe6 Rd7 32.Ba3 Kf7 33.Re3 h5 34.Kc1 Kg6 35.Bb2 Kf5
36.Bc3 Be4 37.Bb4 Rd3 38.Rxd3 Bxd3 39.c5 bxc5 40.Bxc5 a6 41.Kd2 Bf1 42.Bf8 g6
43.Kc3 Ke4 44.Kb4 Kd5 45.Kc3 f5 46.b4 Bb5 47.Be7 Ba4 48.a3 Bd1  1/2-1/2

[Event "ch-Serbia"]
[Site "Kragujevac YUG"]
[Date "2000.02.23"]
[Round "5"]
[White "Brkljaca,A"]
[Black "Pavlovic,De"]
[Result "0-1"]
[WhiteElo "2353"]
[BlackElo "2301"]

1.d4 d5 2.Nf3 Nf6 3.c4 c6 4.Nc3 e6 5.e3 Nbd7 6.Qc2 Bd6 7.Be2 O-O 8.O-O dxc4
9.Bxc4 b5 10.Bd3 Bb7 11.Bd2 a6 12.Ne4 Nxe4 13.Bxe4 f5 14.Bd3 c5 15.Qd1 e5
16.dxe5 Nxe5 17.Be2 Nxf3+ 18.Bxf3 Bxf3 19.Qxf3 Bxh2+ 20.Kxh2 Qxd2 21.b3 Qd6+
22.g3 Rad8 23.a4 b4 24.Rac1 Qd5 25.Kg2 Qxb3 26.Rxc5 Qxa4 27.Qb7 Rb8 28.Qd5+ Kh8
29.Ra5 Qc2 30.Rxa6 b3 31.Rc6 Qe4+ 32.Qxe4 fxe4 33.Rc4 Rfc8 34.Rxe4 b2 35.Rb1 h6  0-1

[Event "Metalis Open"]
[Site "Bizovac CRO"]
[Date "2000.02.24"]
[Round "1"]
[White "Kozul,Z"]
[Black "Macsik,T"]
[Result "1-0"]
[WhiteElo "2597"]
[BlackElo "2091"]

1.d4 d5 2.c4 c6 3.e3 Nf6 4.Nc3 e6 5.Nf3 Nbd7 6.Bd3 dxc4 7.Bxc4 b5 8.Bd3 Bb7
9.O-O a6 10.e4 c5 11.d5 Qc7 12.Bg5 Be7 13.Re1 c4 14.Bc2 e5 15.Ne2 O-O 16.Ng3 Bd6
17.Nf5 Ne8 18.Bd2 f6 19.N3h4 a5 20.Re3 Rf7 21.Qg4 Nc5 22.Nh6+ Kf8 23.Nxf7 Qxf7
24.Qd1 Be7 25.Nf5 Nd6 26.Nxd6 Bxd6 27.Rc1 Nd7 28.Rh3 Kg8 29.Qe1 b4 30.Bd1 Ba6
31.Be2 Nb6 32.Be3 Na4 33.Bxc4 Bxc4 34.Rxc4 Nxb2 35.Rc6 Qe7 36.Bd2 Na4 37.Qc1 Nc5
38.Qc4 Kh8 39.Re3 Rb8 40.Re1 h6 41.Rc1 Nb7 42.Rc8+ Rxc8 43.Qxc8+ Kh7 44.h4 h5
45.Be3 a4 46.Bb6 a3  1-0

[Event "16th open"]
[Site "Cappelle La Grande FRA"]
[Date "2000.02.25"]
[Round "8"]
[White "Delmont,J"]
[Black "Crouan,S"]
[Result "0-1"]
[WhiteElo "2037"]
[BlackElo "2232"]

1.d4 d5 2.c4 c6 3.Nc3 Nf6 4.e3 e6 5.Nf3 Nbd7 6.Bd3 dxc4 7.Bxc4 b5 8.Bd3 a6
9.e4 c5 10.d5 Bb7 11.dxe6 fxe6 12.O-O Qc7 13.e5 Nxe5 14.Nxe5 Qxe5 15.Re1 Qd6
16.Bf5 Qxd1 17.Nxd1 O-O-O 18.Bxe6+ Kc7 19.Bg5 h6 20.Bh4 Rd2 21.a4 Bd6 22.axb5 axb5
23.f3 Nh5 24.Rc1 Nf4 25.Bg3 Ne2+ 26.Rxe2 Rxe2 27.Nc3 Rxb2 28.Na4 bxa4 29.Rxc5+ Bc6  0-1

[Event "ch-Serbia"]
[Site "Kragujevac YUG"]
[Date "2000.02.25"]
[Round "7"]
[White "Tadic,B"]
[Black "Pavlovic,De"]
[Result "1-0"]
[WhiteElo "2406"]
[BlackElo "2301"]

1.Nf3 d5 2.d4 Nf6 3.c4 c6 4.Nc3 e6 5.e3 Nbd7 6.Qc2 Bd6 7.Be2 O-O 8.O-O dxc4
9.Bxc4 e5 10.Bb3 Qe7 11.Bd2 e4 12.Ng5 Bxh2+ 13.Kxh2 Ng4+ 14.Kg1 Qxg5 15.Qxe4 Ndf6
16.Qf4 Qxf4 17.exf4 Nh6 18.d5 Rd8 19.Rfe1 Nf5 20.Rad1 Nd4 21.dxc6 bxc6 22.Be3 c5
23.Bxd4 cxd4 24.Nd5 Nxd5 25.Bxd5 Rb8 26.b3 Rb6 27.Rxd4 Rbd6 28.Rde4 Kf8 29.Bc4 Rf6
30.g3 Bb7 31.Re7 Bc6 32.Bf1 a5 33.Bg2 Re8 34.R7e5 a4 35.b4 Rb8 36.a3 Be8
37.Rd1 g6 38.Bf3 h5 39.Kg2 Bb5 40.Red5 Kg7 41.Rd8 Rbb6 42.Rc1 Rfd6 43.Rxd6 Rxd6
44.Rc5 Be8 45.Rd5 Rb6 46.Re5 Kf8 47.Kf1 f6 48.Rc5 Re6 49.f5 gxf5 50.Rxf5 Rd6
51.Rd5 Rc6 52.Rc5 Rd6 53.Ke2 Re6+ 54.Kd2 Rd6+  1-0